Sports Quiz

Random Sports or NBA Quiz

NBA: 5,000 pts in 3 years, not in Top 10 Quiz Stats

 Plays Quiz not verified by Sporcle

Support Sporcle.
Go Orange.
Score 0/27 Timer 08:00
0 Plays Today
Pts Player (Years) % Correct
5,118Ray Allen (1999-00 to 2001-02)
81.7%
5,022Ray Allen (2000-01 to 2002-03)
81.7%
5,289Kemba Walker (2015-16 to 2017-18)
76.2%
5,112Jeff Malone (1987-88 to 1989-90)
72.9%
5,077Isiah Thomas (1983-84 to 1985-86)
72.9%
5,050Jeff Malone (1986-87 to 1988-89)
72.9%
5,004Moses Malone (1986-87 to 1988-89)
72.9%
5,000Isiah Thomas (1984-85 to 1986-87)
72.9%
5,026Magic Johnson (1988-89 to 1990-91)
72.5%
5,025Kevin Johnson (1988-89 to 1990-91)
72.5%
5,005Reggie Miller (1991-92 to 1993-94)
71.4%
5,044Hakeem Olajuwon (1984-85 to 1986-87)
63.7%
5,012James Worthy (1988-89 to 1990-91)
59.3%
5,174K. Abdul-Jabbar (1982-83 to 1984-85)
52.7%
Pts Player (Years) % Correct
5,060Andrew Wiggins (2015-16 to 2017-18)
52.7%
5,217Elton Brand (2004-05 to 2006-07)
52%
5,235CJ McCollum (2015-16 to 2017-18)
46.9%
5,037CJ McCollum (2016-18 to 2018-19)
46.9%
5,078Stephon Marbury (2000-01 to 2002-03)
45.8%
5,328Bernard King (1988-89 to 1990-91)
44.7%
5,268Terry Cummings (1987-88 to 1989-90)
38.8%
5,157Terry Cummings (1986-87 to 1988-89)
38.8%
5,020Ralph Sampson (1983-84 to 1985-86)
37.4%
5,020World B. Free (1983-84 to 1985-86)
28.9%
5,009World B. Free (1982-83 to 1984-85)
28.9%
5,109Darrell Griffith (1982-83 to 1984-85)
24.9%
5,236Xavier McDaniel (1986-87 to 1988-89)
23.1%

You're not logged in!

Compare scores with friends on all Sporcle quizzes.
OR
Log In

From the Vault

US Senators

by Derek

A couple of these folks are running for President of the United States, can you name the ones that aren't as well?
Remove Ads.
Support Sporcle.
Get the best of Sporcle when you Go Orange. This ad-free experience offers more features, more stats, and more fun while also helping to support Sporcle. Thank you for becoming a member.

Show Comments

Extras

Top Quizzes Today


Score Distribution

Your Account Isn't Verified!

In order to create a playlist on Sporcle, you need to verify the email address you used during registration. Go to your Sporcle Settings to finish the process.

Report this User

Report this user for behavior that violates our Community Guidelines.

Details: